| 000 | 02366cam a22004574i 4500 | ||
|---|---|---|---|
| 003 | PE-LiUPU | ||
| 005 | 20250731165439.0 | ||
| 008 | 160602s2015 pe a grm 000 0 spa d | ||
| 035 | _a(Sirsi) a157006 | ||
| 040 |
_aPE-LiUPU _bspa _cPE-LiUPU _erda |
||
| 099 |
_aTA 2 _bB23 2015 |
||
| 100 | 1 |
_aBaquerizo Crióstomo, Lucero Wendy _eautor |
|
| 245 | 1 |
_aEvaluación de 360 grados del desempeño laboral en los trabajadores del área de operaciones de la Clínica Good Hope, Miraflores, 2015 / _cLucero Wendy Baquerizo Crisóstomo. |
|
| 264 | 0 | _c2015. | |
| 300 |
_a88 hojas : _bilustraciones; _c30 cm |
||
| 336 |
_atext _2rdacontent |
||
| 337 |
_aunmediated _2rdamedia |
||
| 338 |
_avolume _2rdacarrier |
||
| 502 |
_aTesis _b(Lic.) -- _cUniversidad Peruana Unión, _d2015. |
||
| 504 | _aIncluye referencias | ||
| 520 | 3 | _aEl objetivo de la investigación es determinar de qué manera se aplica la evaluación de 360 grados del desempeño laboral en los trabajadores del área de Operaciones de la Clínica Good Hope Miraflores, 2015. La evaluación de 360 grados es una herramienta básica para contar con diferentes perspectivas, tomar buenas decisiones y mejorar la gestión administrativa de una empresa. El tipo de investigación fue cuantitativo con alcance descriptivo. La muestra estuvo conformada por 244 personas compuesta por jefes, ejecutivos, colaboradores y clientes. Se utilizó el muestreo probabilístico. Los resultados de la evaluación de 360 grados del desempeño laboral, muestra que es aplicable este modelo de la Clínica Good Hope, toda vez que el 71% de jefes perciben que la evaluación de 360 grados del desempeño laboral es alto, para el 36% de ejecutivos el desempeño laboral es alto, y para el 54% de los colaboradores el desempeño laboral es medio. | |
| 526 | _aSEG44 | ||
| 526 | _aSEG26 | ||
| 526 | _aP151 | ||
| 526 | _aP150 | ||
| 526 | _aP149 | ||
| 526 | _aP146 | ||
| 526 | _aP145 | ||
| 526 | _aP126 | ||
| 526 | _aP125 | ||
| 526 | _aP92 | ||
| 526 | _aP75 | ||
| 526 | _aP74 | ||
| 526 | _aP27 | ||
| 526 | _aP15 | ||
| 650 | 0 | 4 |
_aTrabajadores _xEvaluación. |
| 650 | 0 | 4 |
_aPersonal sanitario _xEvaluación. |
| 596 | _a1 | ||
| 942 |
_2ddc _cTESIS |
||
| 999 |
_aTA 2 B23 2015 _wALPHANUM _c9674 _iT01993 _lCCODEBUL3 _mBUL _r1 _sY _tTESIS _u2016-6-2 _xFCE _PP01 _o.STAFF. Tesis _d9674 |
||
| 980 |
_81 _gALBERTO SANCHEZ Responsable de Automatización |
||